|
|
|
|
| LEADER |
00756nam a2200205 a 4500 |
| 001 |
2613503 |
| 008 |
090630s1991 enka 001 0 eng d |
| 020 |
|
|
|a 000272555X
|
| 040 |
|
|
|a DLC
|c DLC
|d DLC
|
| 082 |
0 |
0 |
|a 751.42/243
|2 20
|
| 100 |
1 |
|
|a Scully, Vincent
|
| 245 |
1 |
0 |
|a Architecture :
|b the natural and the manmade/
|c Vincent Scully.
|
| 260 |
|
|
|a London :
|b Harvill(HarperCollins),
|c 1991
|
| 300 |
|
|
|a 408 p. :
|b ill. (some col.) ;
|c 26 cm
|
| 541 |
1 |
|
|e 00011714
|
| 650 |
|
0 |
|a Nature (Aesthetics)
|
| 650 |
0 |
|
|a Architecture
|
| 852 |
4 |
|
|a Ayesha Abed Library
|j General Shelf.
|
| 999 |
|
|
|c 2169
|d 2169
|
| 952 |
|
|
|0 0
|1 0
|2 ddc
|4 0
|6 751_422430000000000_SCU_1991
|7 0
|9 8048
|a BRACUL
|b BRACUL
|c GEN
|d 2010-02-11
|l 2
|m 21
|o 751.42243 SCU
|p 3010011714
|r 2025-06-25
|s 2024-11-06
|t 1
|w 2010-02-11
|y BK
|